Tipología socioeconómica de los países latinoamericanos.

محفوظ في:
التفاصيل البيبلوغرافية
مؤلف مشترك: Unión Panamericana
التنسيق: دورية
اللغة:الإسبانية
الموضوعات:
الوسوم: إضافة وسم
لا توجد وسوم, كن أول من يضع وسما على هذه التسجيلة!

MARC

LEADER 00000cas^a2200000uu^4500
001 000492658
005 20250521000000.0
008 050901s1963^^^^^^^^^^^^r^^r^^000^0^spa^d
009 20260310125445.835
035 |a FCE 000035998 
035 |a FCE 036042 
037 |a Acervo ITESO - Biblioteca 
041 |a spa 
082 0 4 |a 309.980  |b P528t 
110 |a Unión Panamericana 
245 1 0 |a Tipología socioeconómica de los países latinoamericanos. 
264 |a Washington :  |b Unión Panamericana,  |c 1963. 
336 |a texto  |b txt  |2 rdacontenido 
337 |a sin mediación  |b n  |2 rdamedio 
338 |a volumen  |b nc  |2 rdasoporte 
649 |a XX 
650 |a Condiciones socioeconómicas 
650 |a Tipología 
650 |a América Latina 
740 |g vol. 2, no. número especial, 1963, 311 p.  |t Revista interamericana de ciencias sociales. 
910 |a Fondo Centro de Estudios Educativos 
920 |a Impresos - Libros 
930 |a Fondos Especiales 
905 |a 133 
901 |a ALE036042  |b IT2  |c CEE  |u 20250521 
902 |a https://opac.biblio.iteso.mx/vufind/Record/000492658